000 00179 a2200085 4500
020 _a9788195528875
100 _aPappal Suneja
245 _aArchitectural Journalism
260 _c2022
999 _c13544
_d13544